Southville International School and Colleges
Your cart is empty.
  • Cart
  • Lists
    Public lists Eva Luna New books Lux_list list_1
    Your lists Log in to create your own lists
  • Log in to your account
  • Your cookies
  • Search history
Southville International School and Colleges
  • Advanced search
  • Recent comments
  • Most popular
  • Libraries

Log in to your account

Log in with GOOGLE


If you do not have an external account, but do have a local account, you can still log in:

  1. Home
  2. MARC view: The Eye book /
Normal view MARC view ISBD view

The Eye book / (Record no. 106308)

[ view plain ]
MARC details
000 -LEADER
fixed length control field 00616nam a2200193 a 4500
005 - DATE AND TIME OF LATEST TRANSACTION
control field 20140412111429.0
008 - FIXED-LENGTH DATA ELEMENTS--GENERAL INFORMATION
fixed length control field 090710s19uu xx 00 eng d
020 ## - INTERNATIONAL STANDARD BOOK NUMBER
International Standard Book Number 0-375-80033-6
050 ## - LIBRARY OF CONGRESS CALL NUMBER
Classification number TR(PS E
Item number Ey2 1999
100 ## - MAIN ENTRY--PERSONAL NAME
Personal name Dr. Seuss
245 ## - TITLE STATEMENT
Title The Eye book /
Statement of responsibility, etc Dr. Seuss.
260 ## - PUBLICATION, DISTRIBUTION, ETC. (IMPRINT)
Place of publication, distribution, etc Canada :
Name of publisher, distributor, etc Random house,
Date of publication, distribution, etc 1999.
300 ## - PHYSICAL DESCRIPTION
Extent 1v. unp.
440 ## - SERIES STATEMENT/ADDED ENTRY--TITLE
Title Bright and early books for beginning beginners
520 ## - SUMMARY, ETC.
Summary, etc A boy and a rabbit both have two eyes that see all kinds of things, from blue to read to a bird and a bed.
650 ## - SUBJECT ADDED ENTRY--TOPICAL TERM
Topical term or geographic name as entry element Vision - fiction
650 ## - SUBJECT ADDED ENTRY--TOPICAL TERM
Topical term or geographic name as entry element Eye - fiction
Holdings
Withdrawn status Lost status Damaged status Home library Current library Shelving location Date acquired Source of acquisition Total Checkouts Full call number Barcode Date last seen Price effective from Koha item type
      Elizalde Library Elizalde Library Teachers Reference Section 07/10/2009     TR(PS E Ey2 1999 E11568 04/12/2014 04/12/2014 Books

The Eye book /

APA

Dr. Seuss, . (1999). The Eye book. Canada: Random house.

Chicago

Dr. Seuss, . 1999. The Eye book. Canada: Random house.

Harvard

Dr. Seuss, . (1999). The Eye book. Canada: Random house.

MLA

Dr. Seuss, . The Eye book. Canada: Random house. 1999.

  • Place hold
  • Print
  • Cite
  • Add to your cart (remove)
  • Save record
    BIBTEX Dublin Core MARCXML MARC (non-Unicode/MARC-8) MARC (Unicode/UTF-8) MARC (Unicode/UTF-8, Standard) MODS (XML) RIS
  • More searches
    Search for this title in:
    Other Libraries (WorldCat) Other Databases (Google Scholar) Online Stores (Bookfinder.com) Open Library (openlibrary.org)

Exporting to Dublin Core...

SOUTHVILLE LIBRARY

Southville International School and Colleges Library

1281 Tropical Ave. Cor. Luxembourg St., BF Homes International, Las Pinas City

Tel. No. 8256374 / 252358 Loc. 117/146

Powered by Koha